Cuentos de los cien apellidos / (Registro nro. 15011)
[ vista simple ]
| 000 -LIDER | |
|---|---|
| fixed length control field | 00796nam a22002777a 4500 |
| 003 - IDENTIFICACDOR DE NÚMERO DE CONTROL | |
| control field | DO-SdBPM |
| 005 - DATE AND TIME OF LATEST TRANSACTION | |
| control field | 20250318125505.0 |
| 008 - ELEMENTOS DE LONGITUD FIJA | |
| fixed length control field | 210426b 2013 ch 00| 0 spa d |
| 020 ## - ISBN | |
| International Standard Book Number | 9787513804295 |
| 040 ## - FUENTE DE CATALOGACIÓN | |
| Agencia que crea de manera original el registro | DO-SdBPM |
| Idioma de catalogación | spa |
| Agencia que realiza la transcripción | BPMSU |
| 082 #4 - NÚMERO DE CLASIFICACIÓN DECIMAL DE DEWEY | |
| Item number | B576cu 2013 |
| Classification number | 895.13 |
| Edition number | 22 |
| 092 ## - LOCALLY ASSIGNED DEWEY DECIMAL CALL NUMBER | |
| Número de clasificación | |
| 100 1# - ASIENTO PRINCIPAL -- NOMBRE PERSONAL | |
| Nombre personal | Zhang, Mei |
| Fechas asociadas con el nombre | |
| 245 10 - MENCIÓN DE TITULO | |
| Título | Cuentos de los cien apellidos / |
| Mención de responsabilidad | Bi Yanli, Wu Mingqun |
| 260 ## - PUBLICACIÓN, DISTRIBUCIÓN, ETC. (PIE DE IMPRENTA) | |
| Lugar de publicación, distribución, etc | China ; |
| Nombre del editor, distribuidor, etc. | Sinolingua ; |
| Fecha de publicación, distribución, etc | 2013 |
| Nombre del editor, distribuidor, etc. | |
| 300 ## - DESCRIPCIÓN FÍSICA | |
| Extensión | 192 p. : |
| Otros detalles físicos | ils. ; |
| Dimensiones | 27 cm. |
| 500 ## - NOTA GENERAL | |
| Materiales especificados | |
| 590 ## - NOTA LOCAL | |
| Texto de la nota local | Inventariado, 2025/VM |
| 650 #4 - ENCABEZAMIENTO DE MATERIA--TEMÁTICO | |
| Término temático o nombre geográfico como elemento de entrada | Cuentos juveniles chinos |
| Fuente del encabezamiento o término | |
| 650 #4 - ENCABEZAMIENTO DE MATERIA--TEMÁTICO | |
| Término temático o nombre geográfico como elemento de entrada | Familia |
| Subdivisión de forma | Cuentos chinos |
| 650 #4 - ENCABEZAMIENTO DE MATERIA--TEMÁTICO | |
| Término temático o nombre geográfico como elemento de entrada | Literatura juvenil china |
| 700 1# - ASIENTO SECUNDARIO -- NOMBRE PERSONAL | |
| Materiales especificados | Mingqun, Wu |
| Mención de responsabilidad | ilustraciones |
| 710 1# - ASIENTO SECUNDARIO -- NOMBRE CORPORATIVO | |
| Nombre corporativo o de jurisdicción | Sinolinguo |
| 910 ## - VALIDACIÓN | |
| Validación | VMateo V. Control de calidad. BPMSU |
| 942 ## - ADDED ENTRY ELEMENTS (KOHA) | |
| Source of classification or shelving scheme | Dewey Decimal Classification |
| Koha item type | Libros |
| Withdrawn status | Lost status | Source of classification or shelving scheme | Damaged status | Not for loan | Collection code | Home library | Current library | Date acquired | Total Checkouts | Full call number | Barcode | Date last seen | Price effective from | Koha item type |
|---|---|---|---|---|---|---|---|---|---|---|---|---|---|---|
| Dewey Decimal Classification | Colección General | Biblioteca Pública Metropolitana Salomé Ureña | Biblioteca Pública Metropolitana Salomé Ureña | 03/18/2025 | BPMSU CG 895.13 B576cu 2013 | BPMSU25030101 | 03/18/2025 | 03/18/2025 | Libros |